Statistics for World Capitals Ending with I

Click here to take the quiz!

General Stats

  • This quiz has been taken 1,134 times
  • The average score is 11 of 14

Answer Stats

Answer% Correct
Dili
92%
Helsinki
88%
Kigali
87%
Funafuti
85%
Hanoi
84%
Tripoli
82%
Djibouti
81%
Tbilisi
80%
Moroni
79%
Abu Dhabi
78%
Nairobi
78%
Bangui
76%
New Delhi
73%
Taipei
73%

Score Distribution

Percentile by Number Answered

Percent of People with Each Score

Your Score History

You have not taken this quiz